| 000 | 01116nam a22002297a 4500 | ||
|---|---|---|---|
| 999 |
_c62765 _d62765 |
||
| 003 | Ge_BSU | ||
| 005 | 20250210155032.0 | ||
| 008 | 250210s2013 ge ||||| |||| 00| 0 geo d | ||
| 020 | _a9789941913082 | ||
| 041 | _ageo | ||
| 080 | _a341.232(075.8) ლ-77 | ||
| 100 |
_aლობჟანიძე, გივი _924296 |
||
| 245 |
_aსაერთაშორისო ჰუმანიტარული სამართალი : _b[სახელმძღვ.] / _cგივი ლობჟანიძე; რედ.: რომან შენგელია, მარინე კვაჭაძე. |
||
| 264 |
_aთბ. : _bპოლიგრ. ცენტრი "ბარტონი", _c2013. |
||
| 300 |
_a576 გვ. ; _b20 სმ. |
||
| 504 | _aბიბლიოგრ.: გვ. 568-574. | ||
| 520 | _aრეზ. ინგლ. | ||
| 653 | _aსამართალი | ||
| 700 |
_aშენგელია, რომან _eრედაქტორი _924297 |
||
| 700 |
_aკვაჭაძე, მარინე _eრედაქტორი _924298 |
||
| 942 |
_2udc _cᲬᲘᲒᲜᲘ |
||